Practical parallel programming / (Record no. 132878)

MARC details
000 -LEADER
fixed length control field 00763nam a22002297a 4500
005 - DATE AND TIME OF LATEST TRANSACTION
control field 20170124110201.0
010 ## - LIBRARY OF CONGRESS CONTROL NUMBER
LC control number A-939766
020 ## - INTERNATIONAL STANDARD BOOK NUMBER
International Standard Book Number 8120313607
Terms of availability 195.00
035 ## - SYSTEM CONTROL NUMBER
System control number A-939766
037 ## - SOURCE OF ACQUISITION
Source of stock number/acquisition Cen Lib/Ret
040 ## - CATALOGING SOURCE
Original cataloging agency DPL
Language of cataloging EN
082 ## - DEWEY DECIMAL CLASSIFICATION NUMBER
Classification number 005.13
Item number WIL
100 ## - MAIN ENTRY--PERSONAL NAME
Personal name Wilson, Gregory V.
9 (RLIN) 36019
245 ## - TITLE STATEMENT
Title Practical parallel programming /
Statement of responsibility, etc by Gregory V. Wilson
260 ## - PUBLICATION, DISTRIBUTION, ETC. (IMPRINT)
Place of publication, distribution, etc New Delhi
Name of publisher, distributor, etc Prentice Hall of India
Date of publication, distribution, etc 1995
270 ## - ADDRESS
Address M-97, connaught circus
City New Delhi
Postal code 110001
300 ## - PHYSICAL DESCRIPTION
Extent viii, 564p.
Dimensions 23cm(Hb)
500 ## - GENERAL NOTE
General note Includes appendix, bibliographical references and index
650 ## - SUBJECT ADDED ENTRY--TOPICAL TERM
Topical term or geographic name as entry element Parallel programming (Computer science)
9 (RLIN) 72616
650 ## - SUBJECT ADDED ENTRY--TOPICAL TERM
Topical term or geographic name as entry element Programmation parallèle
9 (RLIN) 72617
942 ## - ADDED ENTRY ELEMENTS (KOHA)
Source of classification or shelving scheme Dewey Decimal Classification
Koha item type English Books
Classification part 005.13
Call number suffix WIL
Holdings
Withdrawn status Lost status Damaged status Not for loan Home library Current library Date acquired Source of acquisition Cost, normal purchase price Total Checkouts Full call number Barcode Date last seen Copy number Cost, replacement price Price effective from Koha item type Public note
Written off       Central Library Central Library 24/07/2015 Cen Lib/Ret 195.00   005.13 WIL A-939766 24/07/2015 1 195.00 15/09/2016 English Books W/d list no. 6802/16

© Delhi Public Library
Hit Counter
free hit counter